Vista normal
Vista MARC
Entrada Materia (personas)
Número de registros utilizados en: 1
001 - CONTROL NUMBER
- control field: 53896
003 - CONTROL NUMBER IDENTIFIER
- control field: Co-BoUCM
005 - DATE AND TIME OF LATEST TRANSACTION
- control field: 20140122155112.0
008 - FIXED-LENGTH DATA ELEMENTS
- fixed length control field: 140122|| aca||aabn | a|a d
040 ## - CATALOGING SOURCE
- Original cataloging agency: Co-BoUCM
- Transcribing agency: Co-BoUCM
100 ## - HEADING--PERSONAL NAME
- Personal name: Méndez Gutiérrez del Valle, Ricardo
670 ## - SOURCE DATA FOUND
- Source citation: Work cat.: (Co-BoUCM)77128: Méndez Gutiérrez del Valle, Ricardo, El nuevo mapa geopolítico del mundo, 2011